<?xml version="1.0" encoding="UTF-8"?>
<record
    xmlns:xsi="http://www.w3.org/2001/XMLSchema-instance"
    xsi:schemaLocation="http://www.loc.gov/MARC21/slim http://www.loc.gov/standards/marcxml/schema/MARC21slim.xsd"
    xmlns="http://www.loc.gov/MARC21/slim">

  <leader>02726nam a22002417a 4500</leader>
  <controlfield tag="001">6495</controlfield>
  <controlfield tag="003">FISKH</controlfield>
  <controlfield tag="005">20250530113449.0</controlfield>
  <controlfield tag="008">250506b        cb ||||| |||| 00| 0 eng d</controlfield>
  <datafield tag="020" ind1=" " ind2=" ">
    <subfield code="a">9789995054564</subfield>
  </datafield>
  <datafield tag="040" ind1=" " ind2=" ">
    <subfield code="a">FISKH</subfield>
    <subfield code="b">khr</subfield>
    <subfield code="c">FISKH</subfield>
    <subfield code="d">FISKH</subfield>
  </datafield>
  <datafield tag="082" ind1=" " ind2=" ">
    <subfield code="a">920</subfield>
  </datafield>
  <datafield tag="100" ind1=" " ind2=" ">
    <subfield code="a">Labbe, Brigitte</subfield>
  </datafield>
  <datafield tag="245" ind1=" " ind2=" ">
    <subfield code="a">&#x1798;&#x17C9;&#x17B6;&#x179A;&#x17B8; &#x1782;&#x17BB;&#x1799;&#x179A;&#x17B8; /</subfield>
    <subfield code="c">&#x1793;&#x17B7;&#x1796;&#x1793;&#x17D2;&#x1792;&#x178A;&#x17C4;&#x1799; Brigitte Labbe &#x1793;&#x17B7;&#x1784;&#x200B; Michel Puech &#x179A;&#x17BC;&#x1794;&#x1797;&#x17B6;&#x1796;&#x178A;&#x17C4;&#x1799; Jean-Pierre Joblin</subfield>
  </datafield>
  <datafield tag="260" ind1=" " ind2=" ">
    <subfield code="a">Phnom Penh : </subfield>
    <subfield code="b">Sipar ; </subfield>
    <subfield code="c">2009.</subfield>
  </datafield>
  <datafield tag="300" ind1=" " ind2=" ">
    <subfield code="a">40 pages : </subfield>
    <subfield code="b">color illustrations ; </subfield>
    <subfield code="c">21 cm. </subfield>
  </datafield>
  <datafield tag="490" ind1=" " ind2=" ">
    <subfield code="a">&#x1781;&#x17D2;&#x1789;&#x17BB;&#x17C6;&#x1785;&#x1784;&#x17CB;&#x178A;&#x17BA;&#x1784;&#x1787;&#x17B8;&#x179C;&#x17B7;&#x178F;&#x179A;&#x1794;&#x179F;&#x17CB; ....</subfield>
  </datafield>
  <datafield tag="520" ind1=" " ind2=" ">
    <subfield code="a">&#x1798;&#x17C9;&#x17B6;&#x179A;&#x17B8; &#x1782;&#x17D2;&#x1799;&#x17BD;&#x179A;&#x17B8; (Marie Curie) &#x1782;&#x17BA;&#x1787;&#x17B6;&#x17A2;&#x17D2;&#x1793;&#x1780;&#x179C;&#x17B7;&#x1791;&#x17D2;&#x1799;&#x17B6;&#x179F;&#x17B6;&#x179F;&#x17D2;&#x178F;&#x17D2;&#x179A;&#x1780;&#x1798;&#x17D2;&#x178A;&#x17C5; &#x1793;&#x17B7;&#x1784;&#x1787;&#x17B6;&#x179F;&#x17D2;&#x178F;&#x17D2;&#x179A;&#x17B8;&#x1787;&#x1793;&#x1787;&#x17B6;&#x178F;&#x17B7;&#x179F;&#x1798;&#x17B8;&#x1793;&#x17B8;&#x1793;&#x17C5;&#x179B;&#x17BE;&#x1796;&#x17B7;&#x1797;&#x1796;&#x179B;&#x17C4;&#x1780;&#x17D4; &#x1782;&#x17D2;&#x179A;&#x17BD;&#x179F;&#x17B6;&#x179A;&#x179A;&#x1794;&#x179F;&#x17CB;&#x1782;&#x17B6;&#x178F;&#x17CB;&#x1798;&#x17B6;&#x1793;&#x1780;&#x17B6;&#x179A;&#x17A2;&#x1797;&#x17B7;&#x179C;&#x178C;&#x17D2;&#x178D;&#x1780;&#x17D2;&#x1793;&#x17BB;&#x1784;&#x179C;&#x17B7;&#x179F;&#x17D0;&#x1799;&#x179C;&#x17B7;&#x1791;&#x17D2;&#x1799;&#x17B6;&#x179F;&#x17B6;&#x179F;&#x17D2;&#x178F;&#x17D2;&#x179A;&#x1796;&#x17B8;&#x178A;&#x17C6;&#x178E;&#x17BE;&#x179A;&#x1793;&#x17C5;&#x1791;&#x17B8;&#x1780;&#x1793;&#x17D2;&#x179B;&#x17C2;&#x1784;&#x179C;&#x1794;&#x17D2;&#x1794;&#x1792;&#x1798;&#x17CC;&#x1795;&#x17D2;&#x1791;&#x17B6;&#x179B;&#x17CB;&#x1781;&#x17D2;&#x179B;&#x17BD;&#x1793;&#x17D4; &#x1798;&#x17C9;&#x17B6;&#x179A;&#x17B8; &#x1782;&#x17D2;&#x1799;&#x17BD;&#x179A;&#x17B8;&#x1794;&#x17B6;&#x1793;&#x1792;&#x17D2;&#x179C;&#x17BE;&#x1780;&#x17B6;&#x179A;&#x1796;&#x17B7;&#x1785;&#x17B6;&#x179A;&#x178E;&#x17B6;&#x17A2;&#x17C6;&#x1796;&#x17B8;&#x1780;&#x17B6;&#x179A;&#x179F;&#x17B7;&#x1780;&#x17D2;&#x179F;&#x17B6;&#x17A2;&#x17C6;&#x1796;&#x17B8;&#x179A;&#x17C9;&#x17B6;&#x178C;&#x17B8;&#x1799;&#x17C9;&#x17BC;&#x1798; (radium) &#x1793;&#x17B7;&#x1784;&#x1791;&#x1791;&#x17BD;&#x179B;&#x1794;&#x17B6;&#x1793;&#x1780;&#x17B6;&#x179A;&#x179A;&#x17BE;&#x179F;&#x17A2;&#x17BE;&#x1784;&#x1796;&#x17B8;&#x1782;&#x17D2;&#x179A;&#x17BD;&#x179F;&#x17B6;&#x179A;&#x1793;&#x17C5;&#x1780;&#x17D2;&#x179A;&#x17BB;&#x1798;&#x1780;&#x17B6;&#x179A;&#x1784;&#x17B6;&#x179A;&#x1794;&#x17D2;&#x179A;&#x17B6;&#x179F;&#x17B6;&#x1791;&#x179C;&#x17B7;&#x1791;&#x17D2;&#x1799;&#x17B6;&#x179F;&#x17B6;&#x179F;&#x17D2;&#x178F;&#x17D2;&#x179A;&#x179F;&#x17C6;&#x179A;&#x17B6;&#x1794;&#x17CB;&#x1792;&#x17D2;&#x179C;&#x17BE;&#x1780;&#x17B6;&#x179A;&#x179F;&#x17C6;&#x179A;&#x17B6;&#x1794;&#x17CB;&#x1787;&#x17BD;&#x1799;&#x1794;&#x17C6;&#x1794;&#x17B6;&#x178F;&#x17CB;&#x1780;&#x17B6;&#x179A;&#x1796;&#x17B8;&#x1780;&#x17B6;&#x179A;&#x1784;&#x17B6;&#x179A;&#x1793;&#x17C5;&#x1780;&#x17B6;&#x179A;&#x1796;&#x17B7;&#x1797;&#x17B6;&#x1780;&#x17D2;&#x179F;&#x17B6;&#x17A2;&#x1793;&#x17BB;&#x179C;&#x178F;&#x17D2;&#x178F;&#x1793;&#x17CD;&#x1798;&#x17BB;&#x1781;&#x179C;&#x17B7;&#x1787;&#x17D2;&#x1787;&#x17B6;&#x1794;&#x17D2;&#x179A;&#x1796;&#x17C3;&#x178E;&#x17B8;&#x178A;&#x17C2;&#x179B;&#x1794;&#x17B6;&#x1793;&#x1794;&#x1784;&#x17D2;&#x17A0;&#x17B6;&#x1789;&#x1796;&#x17B8;&#x1794;&#x1785;&#x17D2;&#x1785;&#x17C1;&#x1780;&#x1791;&#x17C1;&#x179F;&#x179A;&#x17C9;&#x17B6;&#x178C;&#x17B8;&#x1799;&#x17C9;&#x17BC;&#x1798;&#x1787;&#x17B6;&#x179F;&#x17C6;&#x1781;&#x17B6;&#x1793;&#x17CB;&#x178A;&#x179B;&#x17CB;&#x179C;&#x17B7;&#x179F;&#x17D0;&#x1799;&#x179F;&#x17BB;&#x1781;&#x1797;&#x17B6;&#x1796;&#x1793;&#x17C3;&#x179C;&#x17B7;&#x1791;&#x17D2;&#x1799;&#x17B6;&#x179F;&#x17B6;&#x179F;&#x17D2;&#x178F;&#x17D2;&#x179A;&#x178F;&#x17C2;&#x1798;&#x17B7;&#x1793;&#x17A2;&#x17B6;&#x1785;&#x1780;&#x17C6;&#x178E;&#x178F;&#x17CB;&#x1787;&#x17B6;&#x179B;&#x1780;&#x17D2;&#x1781;&#x178E;&#x17C8;&#x1799;&#x17C9;&#x17B6;&#x1784;&#x178A;&#x17BC;&#x1785;&#x1785;&#x17D2;&#x1793;&#x17C1;&#x17C7;&#x17D4;




</subfield>
  </datafield>
  <datafield tag="520" ind1=" " ind2=" ">
    <subfield code="a">Marie Curie is a pioneering scientist and one of the most renowned women in the world. Her family was involved in the development of science, and her personal journey was rooted in a rich cultural background. Marie Curie focused on studying radium and faced discrimination from her family and colleagues in the scientific community, as she worked to help eliminate issues in her research. Her work on radium became crucial to the field of health sciences, although the exact details of her contributions cannot be fully described in this way.</subfield>
  </datafield>
  <datafield tag="700" ind1=" " ind2=" ">
    <subfield code="a">Joblin, Jean-Pierre</subfield>
    <subfield code="e">Illustrator </subfield>
  </datafield>
  <datafield tag="942" ind1=" " ind2=" ">
    <subfield code="2">ddc</subfield>
    <subfield code="c">KHB</subfield>
    <subfield code="n">0</subfield>
  </datafield>
  <datafield tag="999" ind1=" " ind2=" ">
    <subfield code="c">6495</subfield>
    <subfield code="d">6495</subfield>
  </datafield>
  <datafield tag="952" ind1=" " ind2=" ">
    <subfield code="0">0</subfield>
    <subfield code="1">0</subfield>
    <subfield code="2">ddc</subfield>
    <subfield code="4">0</subfield>
    <subfield code="7">0</subfield>
    <subfield code="8">KH</subfield>
    <subfield code="a">002</subfield>
    <subfield code="b">002</subfield>
    <subfield code="c">TTP Khmer</subfield>
    <subfield code="d">2025-05-06</subfield>
    <subfield code="l">0</subfield>
    <subfield code="o">LAB PZ7 920</subfield>
    <subfield code="p">FISSE02494</subfield>
    <subfield code="r">2025-05-06 13:01:23</subfield>
    <subfield code="t">1</subfield>
    <subfield code="w">2025-05-06</subfield>
    <subfield code="y">KHB</subfield>
  </datafield>
  <datafield tag="952" ind1=" " ind2=" ">
    <subfield code="0">0</subfield>
    <subfield code="1">0</subfield>
    <subfield code="2">ddc</subfield>
    <subfield code="4">0</subfield>
    <subfield code="7">0</subfield>
    <subfield code="8">KH</subfield>
    <subfield code="a">002</subfield>
    <subfield code="b">002</subfield>
    <subfield code="c">SKB</subfield>
    <subfield code="d">2025-05-06</subfield>
    <subfield code="l">1</subfield>
    <subfield code="o">LAB PZ7 920</subfield>
    <subfield code="p">FISSE02467</subfield>
    <subfield code="r">2025-11-10 10:07:51</subfield>
    <subfield code="s">2025-09-30</subfield>
    <subfield code="t">2</subfield>
    <subfield code="w">2025-05-06</subfield>
    <subfield code="y">KHB</subfield>
  </datafield>
  <datafield tag="952" ind1=" " ind2=" ">
    <subfield code="0">0</subfield>
    <subfield code="1">0</subfield>
    <subfield code="2">ddc</subfield>
    <subfield code="4">0</subfield>
    <subfield code="7">0</subfield>
    <subfield code="8">KH</subfield>
    <subfield code="a">002</subfield>
    <subfield code="b">002</subfield>
    <subfield code="c">SKB</subfield>
    <subfield code="d">2025-05-09</subfield>
    <subfield code="l">1</subfield>
    <subfield code="o">LAB PZ7 920</subfield>
    <subfield code="p">FISSE02459</subfield>
    <subfield code="r">2025-11-10 10:06:37</subfield>
    <subfield code="s">2025-09-30</subfield>
    <subfield code="t">3</subfield>
    <subfield code="w">2025-05-09</subfield>
    <subfield code="y">KHB</subfield>
  </datafield>
</record>
